Länder, in denen es am schwersten ist Freunde zu finden - Statistiken

Allgemein
  • Dieses Quiz wurde 234 mal gespielt
  • Das Durchschnittsergebnis liegt bei 6 aus 10
Antwortstatistiken
Platz Land Kontinent % Korrekt
3. Schweden Europa
81%
8. Finnland Europa
79%
4. Norwegen Europa
78%
1. Dänemark Europa
75%
5. Japan Asien
70%
6. Schweiz Europa
60%
7. Südkorea Asien
54%
10. Österreich Europa
52%
9. Niederlande Europa
51%
2. Kuwait Asien
8%
Keine übereinstimmenden Quizze gefunden
Verteilung der Resultate
Anzahl Personen mit jedem Resultat
Perzentil nach korrekt beantworteten Fragen
Ihre Resultats-Entwicklung
Sie haben dieses Quiz noch nicht gespielt